Implementación de un sistema de información para la Administración de fletes terrestres en el Departamento de Transporte de la Empresa Master Logistics, S. A.
Presenta el desarrollo de un sistema de información que permita mejorar la administración de fletes, a través de la automatización y estandarización de los controles, contribuyendo a mejorar la exactitud y fiabilidad de los datos, reducir las intervenciones manuales, brindar un acceso más ráp...
| Main Authors: | , |
|---|---|
| Other Authors: | |
| Format: | Tesis Section = Libro |
| Language: | Undetermined Spanish |
| Published: |
Managua
UNI
2018
|
| Subjects: |
| LEADER | 01345nam a2200265Ia 4500 | ||
|---|---|---|---|
| 008 | 240830s9999 xx 000 0 und d | ||
| 040 | |a BIBLIOTECA-RUPAP Mon 005.133 A659 | ||
| 041 | |a spa | ||
| 082 | |a Mon 005.133 A659 | ||
| 100 | 1 | |a Aragón Oviedo, Ronald Antonio | |
| 100 | 1 | |b Granados Previa, Lester José | |
| 245 | 1 | 0 | |a Implementación de un sistema de información para la Administración de fletes terrestres en el Departamento de Transporte de la Empresa Master Logistics, S. A. |
| 260 | |a Managua |b UNI |c 2018 | ||
| 300 | |a 140 p. :il. | ||
| 500 | |a Contiene: anexos y CD. | ||
| 502 | |a Tesis (Ingeniero de Sistemas)- UNI, 2018. | ||
| 520 | 3 | |a Presenta el desarrollo de un sistema de información que permita mejorar la administración de fletes, a través de la automatización y estandarización de los controles, contribuyendo a mejorar la exactitud y fiabilidad de los datos, reducir las intervenciones manuales, brindar un acceso más rápido a la información de las actividades y los servicios de logística internacional. | |
| 650 | 7 | |a SISTEMAS DE INFORMACION | |
| 650 | 7 | |b BASES DE DATOS | |
| 650 | 7 | |c PROGRAMACION | |
| 650 | 7 | |d DESARROLLO DE HARDWARE Y SOFTWARE ADMINISTRACION DE FLETES TERRESTRES | |
| 700 | 1 | |a Tutor: |b Espinoza Aragón, Evelyn del Carmen | |
| 942 | |c BK |2 ddc | ||
| 991 | |a TESIS | ||
| 999 | |c 15302 | ||